000 00518nmm a2200169Ia 4500
008 251105s9999||||xx |||||||||||||||||und||
020 _a9789876992350
041 _aspa
100 _aSeggiaro, Carlos
245 0 _aLa economía argentina : de dónde venimos y hacia dónde vamos
264 _a[Buenos Aires, Argentina] :
_bEduvim,
_c2015
300 _a132 páginas
490 _aProyectos especiales
650 _aEconomics and Business
856 _uhttps://public.digitaliapublishing.com/a/41016
942 _cCF
999 _c97597
_d97597